Statistics for One 2018-19 NBA Player by Team

Click here to take the quiz!

General Stats

  • This quiz has been taken 38 times
  • The average score is 27 of 30

Answer Stats

TeamPlayersFull List% Correct
CelticsKyrie Irving | Jayson Tatum | Al Horford | Jaylen Brown | Gordon Hayward | Marcus Smart | Marcus Morris | R.J. Hunter | Terry Rozier | Aron Baynes | Daniel Theis | Semi Ojeleye | Brad Wanamaker | Robert Williams | PJ Dozier | Guerschon Yabusele | Greg Monroe
100%
76ersJoel Embiid | Ben Simmons | Jimmy Butler | Tobias Harris | Robert Covington | J.J. Redick | Dario Šarić | Wilson Chandler | Mike Scott | Markelle Fultz | Mike Muscala | Landry Shamet | Corey Brewer | T.J. McConnell | Zhaire Smith | Greg Monroe | James Ennis | Jonathon Simmons | Jonah Bolden | Furkan Korkmaz | Boban Marjanović | Shake Milton | Amir Johnson | Haywood Highsmith | Justin Patton | Demetrius Jackson
97%
BucksGiannis Antetokounmpo | Khris Middleton | Eric Bledsoe | Brook Lopez | Malcolm Brogdon | Nikola Mirotić | Pat Connaughton | George Hill | D.J. Wilson | Ersan İlyasova | Sterling Brown | Tony Snell | Tim Frazier | Donte DiVincenzo | John Henson | Bonzie Colson | Thon Maker | Pau Gasol | Matthew Dellavedova | Isaiah Canaan | Jaylen Morris | Jason Smith | Christian Wood | Trevon Duval
97%
LakersLeBron James | Brandon Ingram | Lonzo Ball | Kyle Kuzma | Rajon Rondo | Kentavious Caldwell-Pope | Reggie Bullock | Josh Hart | Jemerrio Jones | JaVale McGee | Alex Caruso | Lance Stephenson | Tyson Chandler | Ivica Zubac | Mike Muscala | Johnathan Williams | Sviatoslav Mykhailiuk | Michael Beasley | Moritz Wagner | Isaac Bonga | Scott Machado | Andre Ingram
95%
CavaliersCedi Osman | Collin Sexton | Alec Burks | Tristan Thompson | Rodney Hood | Jordan Clarkson | Kevin Love | Larry Nance Jr. | George Hill | Brandon Knight | J.R. Smith | Matthew Dellavedova | Cameron Payne | David Nwaba | Sam Dekker | Ante Žižić | Patrick McCaw | Jaron Blossomgame | Kyle Korver | Marquese Chriss | Andrew Harrison | Nik Stauskas | Jalen Jones | Deng Adel | Channing Frye | Kobi Simmons | John Holland
95%
HeatDwyane Wade | Goran Dragić | Josh Richardson | Hassan Whiteside | Bam Adebayo | Justise Winslow | Dion Waiters | Tyler Johnson | Rodney McGruder | Kelly Olynyk | Wayne Ellington | James Johnson | Derrick Jones | Duncan Robinson | Udonis Haslem | Yante Maten | Ryan Anderson | Emanuel Terry
95%
WarriorsStephen Curry | Kevin Durant | Klay Thompson | Draymond Green | Andre Iguodala | DeMarcus Cousins | Shaun Livingston | Kevon Looney | Damian Jones | Jonas Jerebko | Quinn Cook | Alfonzo McKinnie | Andrew Bogut | Damion Lee | Jordan Bell | Jacob Evans | Marcus Derrickson
92%
RaptorsKawhi Leonard | Kyle Lowry | Pascal Siakam | Marc Gasol | Serge Ibaka | Danny Green | Fred VanVleet | Jonas Valančiūnas | OG Anunoby | Jeremy Lin | Norman Powell | Delon Wright | C.J. Miles | Patrick McCaw | Jodie Meeks | Greg Monroe | Eric Moreland | Lorenzo Brown | Malcolm Miller | Chris Boucher | Malachi Richardson | Jordan Loyd
92%
NuggetsNikola Jokić | Jamal Murray | Gary Harris | Will Barton | Paul Millsap | Monte Morris | Malik Beasley | Mason Plumlee | Torrey Craig | Juancho Hernangómez | Trey Lyles | Isaiah Thomas | Nick Young | Jarred Vanderbilt | Tyler Lydon | Brandon Goodwin | Thomas Welsh | DeVaughn Akoon-Purcell
92%
MavericksDirk Nowitzki | Luka Dončić | Harrison Barnes | DeAndre Jordan | J.J. Barea | Devin Harris | Tim Hardaway | Dennis Smith | Wesley Matthews | Dorian Finney-Smith | Jalen Brunson | Dwight Powell | Maxi Kleber | Justin Jackson | Trey Burke | Courtney Lee | Daryl Macon | Salah Mejri | Ryan Broekhoff | Kostas Antetokounmpo | Ray Spalding
92%
JazzDonovan Mitchell | Rudy Gobert | Joe Ingles | Ricky Rubio | Jae Crowder | Derrick Favors | Royce O'Neale | Kyle Korver | Alec Burks | Dante Exum | Raul Neto | Thabo Sefolosha | Tony Bradley | Grayson Allen | Georges Niang | Ekpe Udoh | Naz Mitrou-Long | Tyler Cavanaugh
92%
HawksTrae Young | John Collins | Taurean Prince | Kevin Huerter | Dewayne Dedmon | Kent Bazemore | DeAndre' Bembry | Alex Len | Jeremy Lin | Vince Carter | Omari Spellman | Alex Poythress | Deyonta Davis | Jaylen Adams | Isaac Humphries | Daniel Hamilton | Justin Anderson | Miles Plumlee | Tyler Dorsey | B.J. Johnson | Tyler Zeller | Jordan Sibert
92%
BullsZach LaVine | Lauri Markkanen | Wendell Carter | Jabari Parker | Otto Porter | Justin Holiday | JaKarr Sampson | Kris Dunn | Walt Lemon | Ryan Arcidiacono | Bobby Portis | Wayne Selden | Robin Lopez | Chandler Hutchison | Shaquille Harrison | Timothé Luwawu-Cabarrot | Cameron Payne | Brandon Sampson | Antonio Blakeney | Cristiano Felício | Rawle Alkins | Tyler Ulis
92%
WizardsBradley Beal | John Wall | Trevor Ariza | Otto Porter Jr. | Bobby Portis | Jabari Parker | Jeff Green | Tomáš Satoranský | Markieff Morris | Kelly Oubre Jr. | Dwight Howard | Austin Rivers | Thomas Bryant | Sam Dekker | Chasson Randle | Ian Mahinmi | Troy Brown Jr. | Devin Robinson | Wesley Johnson | Jordan McRae | Ron Baker | Jason Smith | Gary Payton II | John Jenkins | Okaro White
92%
HornetsKemba Walker | Nicolas Batum | Jeremy Lamb | Marvin Williams | Cody Zeller | Miles Bridges | Michael Kidd-Gilchrist | Tony Parker | Dwayne Bacon | Malik Monk | Frank Kaminsky | Devonte' Graham | Bismack Biyombo | Willy Hernangómez | Shelvin Mack | J.P. Macura | Joe Chealey
89%
GrizzliesMarc Gasol | Mike Conley | Avery Bradley | Garrett Temple | Delon Wright | Kyle Anderson | Justin Holiday | Jonas Valančiūnas | Jaren Jackson Jr. | Bruno Caboclo | Shelvin Mack | C.J. Miles | JaMychal Green | Tyler Dorsey | Tyler Zeller | Chandler Parsons | Dillon Brooks | Joakim Noah | Jevon Carter | Ivan Rabb | Omri Casspi | Wayne Selden | Julian Washburn | MarShon Brooks | Dusty Hannahs | Yuta Watanabe | D.J. Stephens | Andrew Harrison
89%
PacersVictor Oladipo | Bojan Bogdanović | Wesley Matthews | Thaddeus Young | Myles Turner | Darren Collison | Cory Joseph | Domantas Sabonis | Tyreke Evans | Doug McDermott | Aaron Holiday | Edmond Sumner | T.J. Leaf | Kyle O'Quinn | Davon Reed | Alize Johnson | Ike Anigbogu
89%
KingsDe'Aaron Fox | Harrison Barnes | Buddy Hield | Bogdan Bogdanović | Willie Cauley-Stein | Iman Shumpert | Marvin Bagley | Nemanja Bjelica | Justin Jackson | Yogi Ferrell | Troy Williams | Corey Brewer | Harry Giles | Kosta Koufos | Frank Mason | Caleb Swanigan | Alec Burks | Skal Labissière | Ben McLemore | B.J. Johnson
89%
RocketsJames Harden | Chris Paul | Clint Capela | Eric Gordon | P.J. Tucker | Carmelo Anthony | Austin Rivers | Danuel House | Kenneth Faried | James Ennis | Gerald Green | Iman Shumpert | James Nunnally | Nenê Hilário | Gary Clark | Brandon Knight | Michael Carter-Williams | Vince Edwards | Isaiah Hartenstein | Marquese Chriss | Chris Chiozza | Terrence Jones | Zhou Qi
89%
SunsDevin Booker | Deandre Ayton | T.J. Warren | Kelly Oubre Jr. | Mikal Bridges | Trevor Ariza | Tyler Johnson | Isaiah Canaan | Josh Jackson | De'Anthony Melton | Jamal Crawford | Ryan Anderson | Elie Okobo | Dragan Bender | Richaun Holmes | Troy Daniels | Tyson Chandler | Quincy Acy | Ray Spalding | Jimmer Fredette | Emanuel Terry | Jawun Evans | George King | Eric Moreland
89%
TimberwolvesKarl-Anthony Towns | Jimmy Butler | Andrew Wiggins | Robert Covington | Jeff Teague | Derrick Rose | Taj Gibson | Dario Šarić | Josh Okogie | Tyus Jones | Jerryd Bayless | Luol Deng | Keita Bates-Diop | Anthony Tolliver | Cameron Reynolds | Gorgui Dieng | Isaiah Canaan | Mitch Creek | C.J. Williams | Jared Terrell | James Nunnally
89%
Trail BlazersDamian Lillard | CJ McCollum | Jusuf Nurkić | Al-Farouq Aminu | Rodney Hood | Maurice Harkless | Enes Freedom | Evan Turner | Seth Curry | Jake Layman | Zach Collins | Nik Stauskas | Meyers Leonard | Caleb Swanigan | Gary Trent Jr. | Anfernee Simons | Skal Labissière | Wade Baldwin
89%
ClippersTobias Harris | Danilo Gallinari | Avery Bradley | Landry Shamet | Patrick Beverley | Lou Williams | Shai Gilgeous-Alexander | Montrezl Harrell | Ivica Zubac | JaMychal Green | Garrett Temple | Marcin Gortat | Luc Mbah a Moute | Wilson Chandler | Mike Scott | Boban Marjanović | Tyrone Wallace | Miloš Teodosić | Jerome Robinson | Ángel Delgado | Johnathan Motley | Sindarius Thornwell
86%
MagicAaron Gordon | Evan Fournier | Nikola Vučević | D.J. Augustin | Jonathan Isaac | Terrence Ross | Jonathon Simmons | Michael Carter-Williams | Wes Iwundu | Mo Bamba | Jerian Grant | Isaiah Briscoe | Khem Birch | Jarell Martin | Amile Jefferson | Melvin Frazier | Troy Caupain
84%
NetsD'Angelo Russell | Joe Harris | Spencer Dinwiddie | Caris LeVert | Allen Crabbe | Jarrett Allen | DeMarre Carroll | Rondae Hollis-Jefferson | Jared Dudley | Rodions Kurucs | Treveon Graham | Ed Davis | Shabazz Napier | Theo Pinson | Kenneth Faried | Mitch Creek | Tahjere McCall | Alan Williams | Džanan Musa
84%
ThunderRussell Westbrook | Paul George | Steven Adams | Jerami Grant | Dennis Schröder | Terrance Ferguson | Álex Abrines | Markieff Morris | Nerlens Noel | Patrick Patterson | Raymond Felton | Abdel Nader | Hamidou Diallo | Deonte Burton | Timothé Luwawu-Cabarrot | Tyler Davis | Jawun Evans | Donte Grantham
84%
PistonsBlake Griffin | Andre Drummond | Reggie Jackson | Luke Kennard | Reggie Bullock | Wayne Ellington | Ish Smith | Langston Galloway | Stanley Johnson | Bruce Brown | Thon Maker | Glenn Robinson | José Calderón | Zaza Pachulia | Henry Ellenson | Jon Leuer | Khyri Thomas | Sviatoslav Mykhailiuk | Kalin Lucas | Zach Lofton
84%
PelicansAnthony Davis | Jrue Holiday | Julius Randle | Elfrid Payton | Nikola Mirotić | E'Twaun Moore | Darius Miller | Christian Wood | Kenrich Williams | Solomon Hill | Tim Frazier | Frank Jackson | Ian Clark | Jahlil Okafor | Wesley Johnson | Cheick Diallo | Dairis Bertāns | Stanley Johnson | Jason Smith | Andrew Harrison
81%
SpursDeMar DeRozan | LaMarcus Aldridge | Derrick White | Patty Mills | Pau Gasol | Rudy Gay | Dāvis Bertāns | Marco Belinelli | Bryn Forbes | Jakob Poeltl | Dante Cunningham | Lonnie Walker | Quincy Pondexter | Chimezie Metu | Drew Eubanks | Donatas Motiejūnas
81%
KnicksTim Hardaway | Kevin Knox | Dennis Smith | Damyean Dotson | Emmanuel Mudiay | Wesley Matthews | DeAndre Jordan | Enes Kanter | Noah Vonleh | Allonzo Trier | Kadeem Allen | Frank Ntilikina | Trey Burke | Mario Hezonja | Mitchell Robinson | Luke Kornet | Lance Thomas | Billy Garrett | John Jenkins | Henry Ellenson | Courtney Lee | Isaiah Hicks | Ron Baker
78%

Score Distribution

Percentile by Number Answered

Percent of People with Each Score

Your Score History

You have not taken this quiz